Children picture dictionary: (Record no. 59727)

MARC details
000 -LEADER
fixed length control field 00502nam a22001457a 4500
005 - DATE AND TIME OF LATEST TRANSACTION
control field 20111221110947.0
020 ## - INTERNATIONAL STANDARD BOOK NUMBER
International Standard Book Number 8188539252
Terms of availability 450.00
037 ## - SOURCE OF ACQUISITION
Source of stock number/acquisition PUB
245 ## - TITLE STATEMENT
Title Children picture dictionary:
Remainder of title English-English-Hindi with general knowledge
260 ## - PUBLICATION, DISTRIBUTION, ETC. (IMPRINT)
Place of publication, distribution, etc New Delhi
Name of publisher, distributor, etc Akshar Mala
Date of publication, distribution, etc 2011
270 ## - ADDRESS
Address A-47, Amar Colony, Lajpat Nagar,
City New Delhi
Postal code 110024
300 ## - PHYSICAL DESCRIPTION
Extent 192p.
Other physical details ill.
Dimensions 24cm(Hb)
942 ## - ADDED ENTRY ELEMENTS (KOHA)
Source of classification or shelving scheme Dewey Decimal Classification
Item type Children Books
Call number suffix CHI
Holdings
Withdrawn status Lost status Not for loan Home library Current library Date acquired Cost, normal purchase price Full call number Cost, replacement price Koha item type
    Ordered Andrews Gunj Andrews Gunj 21/12/2011 450.00 CHI 450.00 Children Books

© Delhi Public Library
Hit Counter
free hit counter